Einführung in theologische Sprachlehre
| Main Author: | |
|---|---|
| Format: | Print Book |
| Language: | German |
| Subito Delivery Service: | Order now. |
| Check availability: | HBZ Gateway |
| WorldCat: | WorldCat |
| Interlibrary Loan: | Interlibrary Loan for the Fachinformationsdienste (Specialized Information Services in Germany) |
| Published: |
Tübingen
Mohr
1971
|
| In: | Year: 1971 |
| Reviews: | Ebeling, Gerhard, Einführung in theologische Sprachlehre (1973) (Seckler, Max, 1927 -)
|
| Standardized Subjects / Keyword chains: | B
Language
/ Theology
|
| Further subjects: | B
Language and languages
Religious aspects
B Theology B Grammatik, Erfahrung, Sprachstörung, Sprachanalyse B Language |
| Online Access: |
Table of Contents |
| Sammlungen: |
MARC
| LEADER | 00000cam a2200000 c 4500 | ||
|---|---|---|---|
| 001 | 020782012 | ||
| 003 | DE-627 | ||
| 005 | 20251219204427.0 | ||
| 007 | tu | ||
| 008 | 920101s1971 gw ||||| 00| ||ger c | ||
| 010 | |a 72309470 | ||
| 016 | 7 | |a 456502238 |2 DE-101 | |
| 020 | |a 3161325117 |9 3-16-132511-7 | ||
| 035 | |a (DE-627)020782012 | ||
| 035 | |a (DE-603)10892095X | ||
| 035 | |a (DE-576)005946131 | ||
| 035 | |a (DE-599)GBV020782012 | ||
| 035 | |a (OCoLC)251365547 | ||
| 035 | |a (OCoLC)00445553 | ||
| 035 | |a (OCoLC)251365547 | ||
| 035 | |a (OCoLC)470088818 | ||
| 035 | |a (DE-604)8029989892 | ||
| 040 | |a DE-627 |b ger |c DE-627 |e rakwb | ||
| 041 | |a ger | ||
| 044 | |c XA-DE | ||
| 050 | 0 | |a BL65.L2 | |
| 082 | 0 | |a 105 |q OCLC | |
| 084 | |a 02a |a 07a |2 sdnb | ||
| 084 | |a 1 |2 ssgn | ||
| 084 | |a BH 2225 |2 rvk |0 (DE-625)rvk/11595:11596 | ||
| 084 | |a BW 43504 |2 rvk |0 (DE-625)rvk/17495:11755 | ||
| 084 | |a BG 2220 |2 rvk |0 (DE-625)rvk/11211: | ||
| 100 | 1 | |0 (DE-588)118528491 |0 (DE-627)079329454 |0 (DE-576)160816505 |4 aut |a Ebeling, Gerhard |d 1912-2001 | |
| 109 | |a Ebeling, Gerhard 1912-2001 |a Ebeling, G. 1912-2001 | ||
| 245 | 1 | 0 | |a Einführung in theologische Sprachlehre |c von Gerhard Ebeling |
| 264 | 1 | |a Tübingen |b Mohr |c 1971 | |
| 300 | |a XV, 264 Seiten |c 8 | ||
| 336 | |a Text |b txt |2 rdacontent | ||
| 337 | |a ohne Hilfsmittel zu benutzen |b n |2 rdamedia | ||
| 338 | |a Band |b nc |2 rdacarrier | ||
| 583 | 1 | |a Archivierung/Langzeitarchivierung gewährleistet |f PEBW |x XA-DE-BW |2 pdager |5 DE-24 | |
| 583 | 1 | |a Archivierung/Langzeitarchivierung gewährleistet |f SSG |x XA-DE-BW |2 pdager |5 DE-21 | |
| 601 | |a Einführung | ||
| 601 | |a Theologe | ||
| 601 | |a Sprachlehrer | ||
| 650 | 0 | |a Language and languages |x Religious aspects | |
| 650 | 0 | 7 | |0 (DE-588)4059758-1 |0 (DE-627)104131446 |0 (DE-576)209132159 |a Theologie |2 gnd |
| 650 | 0 | 7 | |0 (DE-588)4056449-6 |0 (DE-627)106154745 |0 (DE-576)209117702 |a Sprache |2 gnd |
| 650 | 4 | |a Grammatik, Erfahrung, Sprachstörung, Sprachanalyse | |
| 689 | 0 | 0 | |d s |0 (DE-588)4056449-6 |0 (DE-627)106154745 |0 (DE-576)209117702 |2 gnd |a Sprache |
| 689 | 0 | 1 | |d s |0 (DE-588)4059758-1 |0 (DE-627)104131446 |0 (DE-576)209132159 |2 gnd |a Theologie |
| 689 | 0 | |5 (DE-627) | |
| 787 | 0 | 8 | |i Rezension |a Seckler, Max, 1927 - |t Ebeling, Gerhard, Einführung in theologische Sprachlehre |d 1973 |w (DE-627)1515498077 |w (DE-576)445498072 |
| 856 | 4 | 2 | |u http://d-nb.info/456502238/04 |m B:DE-101 |q pdf/application |v 20161126003402 |x Verlag |3 Inhaltsverzeichnis |7 1 |
| 856 | 4 | 2 | |u http://scans.hebis.de/HEBCGI/show.pl?10892095_toc.pdf |m V:DE-603;B:DE-17 |q application/pdf |3 Inhaltsverzeichnis |7 1 |
| 889 | |w (DE-627)623562839 | ||
| 889 | |w (DE-627)451838114 | ||
| 935 | |a mteo |a RFBW | ||
| 935 | |i mdedup | ||
| 935 | |i Blocktest | ||
| 936 | r | v | |a BH 2225 |b Werke |k Theologie und Religionswissenschaften |k Evangelische Dogmatik |k Allgemeines |k Autoren |k Ebeling, Gerhard |k Werke |0 (DE-627)127261445X |0 (DE-625)rvk/11595:11596 |0 (DE-576)20261445X |
| 936 | r | v | |a BW 43504 |b Einzelschriften |k Theologie und Religionswissenschaften |k Evangelische Theologie |k Evangelische Theologiegeschichte |k Theologie von Kant bis zur Dialektischen Theologie |k Weitere evangelische Autoren des 20. Jahrhunderts |k Ebeling, Gerhard |k Einzelschriften |0 (DE-627)1271688913 |0 (DE-625)rvk/17495:11755 |0 (DE-576)201688913 |
| 936 | r | v | |a BG 2220 |b Wort und Theologie, Sprache und Theologie |k Theologie und Religionswissenschaften |k Fundamentaltheologie |k Hermeneutik, Wissenschaftstheorie und Methodenlehre |k Hermeneutik |k Wort und Theologie, Sprache und Theologie |0 (DE-627)1270722441 |0 (DE-625)rvk/11211: |0 (DE-576)200722441 |
| 951 | |a BO | ||
| CAN | |a 1 | ||
| ELC | |b 1 | ||
| ITA | |a 1 |t 1 | ||
| LOK | |0 000 xxxxxcx a22 zn 4500 | ||
| LOK | |0 001 3116069395 | ||
| LOK | |0 003 DE-627 | ||
| LOK | |0 004 020782012 | ||
| LOK | |0 005 20150917134422 | ||
| LOK | |0 008 980828||||||||||||||||ger||||||| | ||
| LOK | |0 040 |a DE-21 |c DE-627 |d DE-21 | ||
| LOK | |0 852 |a DE-21 | ||
| LOK | |0 852 1 |c 11 A 8916 |9 00 | ||
| LOK | |0 935 |a kram |a konv |a theo | ||
| LOK | |0 939 |a 28-08-98 |b l01 | ||
| LOK | |0 000 xxxxxcx a22 zn 4500 | ||
| LOK | |0 001 3116069484 | ||
| LOK | |0 003 DE-627 | ||
| LOK | |0 004 020782012 | ||
| LOK | |0 005 20100408022641 | ||
| LOK | |0 008 990705||||||||||||||||ger||||||| | ||
| LOK | |0 040 |a DE-21-31 |c DE-627 |d DE-21-31 | ||
| LOK | |0 541 |e 99/500 | ||
| LOK | |0 852 |a DE-21-31 | ||
| LOK | |0 852 1 |c Xa V b 47 |m p |9 00 | ||
| LOK | |0 938 |k p | ||
| LOK | |0 939 |a 05-07-99 |b l02 | ||
| LOK | |0 000 xxxxxcx a22 zn 4500 | ||
| LOK | |0 001 3116069492 | ||
| LOK | |0 003 DE-627 | ||
| LOK | |0 004 020782012 | ||
| LOK | |0 005 20100408123646 | ||
| LOK | |0 008 960701||||||||||||||||ger||||||| | ||
| LOK | |0 040 |a DE-21-35 |c DE-627 |d DE-21-35 | ||
| LOK | |0 541 |e 1971/40146 | ||
| LOK | |0 852 |a DE-21-35 | ||
| LOK | |0 852 1 |c Fg 1.67 |m p |9 00 | ||
| LOK | |0 938 |k p | ||
| LOK | |0 939 |a 01-07-96 |b l01 | ||
| LOK | |0 000 xxxxxcx a22 zn 4500 | ||
| LOK | |0 001 3116069506 | ||
| LOK | |0 003 DE-627 | ||
| LOK | |0 004 020782012 | ||
| LOK | |0 005 20100406203550 | ||
| LOK | |0 008 050820||||||||||||||||ger||||||| | ||
| LOK | |0 040 |a DE-21-46 |c DE-627 |d DE-21-46 | ||
| LOK | |0 541 |e 16017 | ||
| LOK | |0 689 |a s |0 1311366504 |a Sprachphilosophie | ||
| LOK | |0 689 |a s |0 1311363270 |a Theologie | ||
| LOK | |0 852 |a DE-21-46 | ||
| LOK | |0 852 1 |c D 16/1971,3 |m p |9 00 | ||
| LOK | |0 935 |a k046 | ||
| LOK | |0 938 |k p | ||
| LOK | |0 939 |a 20-08-05 |b l01 | ||
| LOK | |0 000 xxxxxcx a22 zn 4500 | ||
| LOK | |0 001 3116069514 | ||
| LOK | |0 003 DE-627 | ||
| LOK | |0 004 020782012 | ||
| LOK | |0 005 20100508054623 | ||
| LOK | |0 008 970625||||||||||||||||ger||||||| | ||
| LOK | |0 040 |a DE-21-24 |c DE-627 |d DE-21-24 | ||
| LOK | |0 541 |e 72/4038 | ||
| LOK | |0 689 |a s |a Theologie (Sprache) | ||
| LOK | |0 852 |a DE-21-24 | ||
| LOK | |0 852 1 |c S,IIIa,154 |m p |9 00 | ||
| LOK | |0 936ln |a S,IIIa, | ||
| LOK | |0 938 |k p | ||
| LOK | |0 939 |a 25-06-97 |b l01 | ||
| LOK | |0 000 xxxxxcx a22 zn 4500 | ||
| LOK | |0 001 3116069522 | ||
| LOK | |0 003 DE-627 | ||
| LOK | |0 004 020782012 | ||
| LOK | |0 005 20250827104908 | ||
| LOK | |0 008 100416||||||||||||||||ger||||||| | ||
| LOK | |0 040 |a DE-21-123 |c DE-627 |d DE-21-123 | ||
| LOK | |0 541 |e BMP 146 | ||
| LOK | |0 852 |a DE-21-123 | ||
| LOK | |0 852 1 |c Y allg 99-7108 |m p |9 00 | ||
| LOK | |0 852 2 |b Sonderbestand Psychosomatik |9 00 | ||
| LOK | |0 935 |a psys | ||
| LOK | |0 938 |k p | ||
| LOK | |0 939 |a 16-04-10 |b l01 | ||
| LOK | |0 000 xxxxxcx a22 zn 4500 | ||
| LOK | |0 001 4488226353 | ||
| LOK | |0 003 DE-627 | ||
| LOK | |0 004 020782012 | ||
| LOK | |0 005 20240306113127 | ||
| LOK | |0 008 240220||||||||||||||||ger||||||| | ||
| LOK | |0 040 |a DE-Tue135 |c DE-627 |d DE-Tue135 | ||
| LOK | |0 092 |o n | ||
| LOK | |0 852 |a DE-Tue135 | ||
| LOK | |0 852 1 |9 00 | ||
| LOK | |0 866 |x SPQUE#Reformationsgeschichtliche Forschungsbibliothek Wittenberg#SPSAM#Predigerseminar#SPUSM#Wolfgang Trillhaas | ||
| LOK | |0 935 |a RFBW |a bips |a pswt | ||
| LOK | |0 939 |a 20-02-24 |b l01 | ||
| ORI | |a SA-MARC-ixtheoa001.raw | ||
| REL | |a 1 | ||
| STA | 0 | 0 | |a Language,Language,Theology,Theology |
| STB | 0 | 0 | |a Langage,Langage,Langue,Langue,Langue (motif),Langue,Théologie,Théologie |
| STC | 0 | 0 | |a Lengua,Lengua,Idioma,Idioma,Lenguaje,Idioma (Motivo),Idioma,Teología,Teología |
| STD | 0 | 0 | |a Lingua <motivo>,Lingua,Linguaggio,Linguaggio,Linguaggio (motivo),Linguaggio,Teologia,Teologia |
| STE | 0 | 0 | |a 神学家,语言 |
| STF | 0 | 0 | |a 神學家,語言 |
| STG | 0 | 0 | |a Língua,Língua,Idioma,Idioma,Idioma (Motivo),Idioma,Teologia,Teologia |
| STH | 0 | 0 | |a Богословие (мотив),Богословие,Язык (речь, мотив),Язык (речь) |
| STI | 0 | 0 | |a Γλώσσα (μοτίβο),Γλώσσα,Θεολογία (μοτίβο),Θεολογία |
| SUB | |a CAN |a REL | ||
| SYE | 0 | 0 | |a Christliche Theologie , Sprachen |
| SYG | 0 | 0 | |a Sprachen , Christliche Theologie |



